Every Song by Derek and the Dominos - Statistics

General Stats
  • This quiz has been taken 23 times
  • The average score is 6 of 15
Answer Stats
Album Song % Correct
Layla and Other Assorted Love Songs(1970) Layla
100%
Layla and Other Assorted Love Songs(1970) Bell Bottom Blues
75%
Layla and Other Assorted Love Songs(1970) Why Does Love Got to Be So Sad?
67%
Layla and Other Assorted Love Songs(1970) Anyday
50%
Layla and Other Assorted Love Songs(1970) Keep on Growing
50%
Layla and Other Assorted Love Songs(1970) I Am Yours
42%
Layla and Other Assorted Love Songs(1970) I Looked Away
42%
Layla and Other Assorted Love Songs(1970) Tell the Truth
42%
Layla and Other Assorted Love Songs(1970) Thorn Tree in the Garden
42%
Layla and Other Assorted Love Songs(Bonus)(2010) It's Too Late
25%
Layla and Other Assorted Love Songs(Bonus)(2010) One More Chance
25%
Layla and Other Assorted Love Songs(Bonus)(2010) Got to Get Better in a Little While
17%
Layla and Other Assorted Love Songs(Bonus)(2010) Roll It Over
17%
Layla and Other Assorted Love Songs(Bonus)(2010) Snake Lake Blues
17%
Layla and Other Assorted Love Songs(Bonus)(2010) Blues Power
8%
No matching quizzes found
Score Distribution
Percent of People with Each Score
Percentile by Number Answered
Your Score History
You have not taken this quiz